000 00731nas a2200265 4500
001 BR9504298
003 BR-BrBNA
005 20231205094407.0
007 ta
008 230509b bl.|||p| |||| 00| 00por d
040 _aBR-BrBNA
_bpor
_cBiblioteca Nacional de Agricultura
041 _a(Pt)
072 _aH20
100 1 _aZambolim, L.
100 1 _aParizzi, P.
100 1 _aMatsuoka, K.
100 1 _aVale, F.X.R. do
100 1 _aChaves, G.M.
245 1 _aSarna pulverulenta da batata
650 _aBatata
650 _aSarna de Planta
773 0 _tFitopatologia Brasileira (Brazil)
_xISSN 0100-4158
_g(Mar 1995), v. 20(1) p. 5-12
_wBR9504298
909 _a202311
_bLúcia
_c55
_dLúcia Elande
942 _2AGRIS
_n0
_cANA
999 _c144017
_d144017